[Event "NED-chT 1415"]
[Site "Netherlands"]
[Date "2014.11.01"]
[Round "2.10"]
[White "Van Overdam, Jan"]
[Black "Den Hartog, Marijn"]
[Result "1-0"]
[WhiteElo "2187"]
[BlackElo "2147"]
[PlyCount "96"]
[EventDate "2014.09.27"]
[EventType "team-tourn"]
[EventRounds "9"]
[EventCountry "NED"]
[SourceTitle "EXT 2015"]
[Source "ChessBase"]
[SourceDate "2014.11.20"]
[SourceVersion "1"]
[SourceVersionDate "2014.11.20"]
[SourceQuality "1"]
[WhiteTeam "Charlois Europoort"]
[BlackTeam "Rotterdam"]
[WhiteTeamCountry "NED"]
[BlackTeamCountry "NED"]

1. e4 e6 2. d4 d5 3. Nd2 Nf6 4. e5 Nfd7 5. Bd3 c5 6. c3 Nc6 7. Ne2 cxd4 8. cxd4 f6 9. exf6 Nxf6 10. 0-0 Bd6 11. Nf3 Qc7 12. g3 0-0 13. Nf4 e5 14. dxe5 Nxe5 15. Nxe5 Bxe5 16. Re1 Rd8 17. Qb3 Bd4 18. Be3 Qb6 19. Bxd4 Qxd4 20. Rad1 Qb6 21. Qxb6 axb6 22. a3 Bg4 23. Be2 Bxe2 24. Rxe2 Kf7 25. Red2 Rd6 26. Rd4 Rc8 27. R1d2 g5 28. Nd3 Re6 29. f3 h5 30. Kf2 g4 31. Nf4 Rd6 32. Ne2 gxf3 33. Kxf3 Re8 34. Nc3 Re5 35. Kg2 Ke6 36. Rf4 Ng4 37. Nb5 Rd8 38. h3 Ne3+ 39. Kh2 Rc8 40. Rdf2 Rc4 41. Rf6+ Kd7 42. Rd6+ Ke8 43. Rxb6 Rc1 44. Rxb7 Nf1+ 45. Kg2 Ne3+ 46. Kf3 Re1 47. Nd6+ Kf8 48. Kf4 Re6 1-0

[Event "BEL-chT 1314"]
[Site "Belgium"]
[Date "2013.09.29"]
[Round "2.6"]
[White "Noiroux, Kevin"]
[Black "Van Overdam, Jan"]
[Result "1/2-1/2"]
[WhiteElo "2213"]
[BlackElo "2176"]
[PlyCount "82"]
[EventDate "2013.09.22"]
[EventType "team-tourn"]
[EventRounds "11"]
[EventCountry "BEL"]
[SourceTitle "CBM 156 Extra"]
[Source "ChessBase"]
[SourceDate "2013.10.22"]
[SourceVersion "1"]
[SourceVersionDate "2013.10.22"]
[SourceQuality "1"]
[WhiteTeam "Amay"]
[BlackTeam "Anderlecht"]
[WhiteTeamCountry "BEL"]
[BlackTeamCountry "BEL"]

1. d4 Nf6 2. Bf4 d5 3. e3 e6 4. Nd2 c5 5. c3 Nc6 6. Ngf3 Be7 7. Ne5 0-0 8. Bd3 Nd7 9. h4 Ndxe5 10. dxe5 f6 11. Qh5 f5 12. Rh3 Rb8 13. Qe2 a6 14. Nf3 b5 15. Ng5 Qe8 16. Kf1 c4 17. Bc2 Bd7 18. Kg1 b4 19. Ba4 bxc3 20. bxc3 Ba3 21. Bxc6 Bxc6 22. Kh2 Rb2 23. Qe1 Qe7 24. Rg3 Rfb8 25. Nf3 Qb7 26. Nd4 Bd7 27. Bh6 Bf8 28. Qd1 Bc8 29. Qh5 Qf7 30. Qf3 Rd2 31. a4 Rbb2 32. Rf1 Kh8 33. Bg5 Bd7 34. a5 Be8 35. Bd8 Bc5 36. Qf4 Bxd4 37. exd4 Re2 38. Re3 Qh5 39. Rxe2 Qxe2 40. Qg5 Rb7 41. Bc7 Qxf1 1/2-1/2

[Event "Vienna op 18th"]
[Site "Vienna"]
[Date "2013.08.18"]
[Round "2"]
[White "Akesson, Ralf"]
[Black "Van Overdam, Jan"]
[Result "1-0"]
[WhiteElo "2455"]
[BlackElo "2178"]
[PlyCount "43"]
[EventDate "2013.08.17"]
[EventType "swiss"]
[EventRounds "9"]
[EventCountry "AUT"]
[SourceTitle "CBM 156 Extra"]
[Source "ChessBase"]
[SourceDate "2013.10.22"]
[SourceVersion "1"]
[SourceVersionDate "2013.10.22"]
[SourceQuality "1"]

1. Nf3 c5 2. c4 Nf6 3. Nc3 Nc6 4. d4 cxd4 5. Nxd4 d5 6. cxd5 Nxd5 7. Nxc6 bxc6 8. Bd2 Nb6 9. g3 Be6 10. Bg2 Bd5 11. Nxd5 cxd5 12. Bc3 e6 13. e4 Qc7 14. Rc1 Qc4 15. exd5 Rd8 16. b3 Qa6 17. Bf1 Qb7 18. Bb5+ Nd7 19. Qe2 Qxd5 20. 0-0 Rb8 21. Ba4 Rb7 22. Rfd1 1-0

[Event "Groningen op-A 50th"]
[Site "Groningen"]
[Date "2012.12.22"]
[Round "2"]
[White "Van Overdam, Jan"]
[Black "Van Kampen, Robin"]
[Result "0-1"]
[WhiteElo "2157"]
[BlackElo "2570"]
[PlyCount "57"]
[EventDate "2012.12.21"]
[EventType "swiss"]
[EventRounds "9"]
[EventCountry "NED"]
[SourceTitle "CBM 152 Extra"]
[Source "ChessBase"]
[SourceDate "2013.02.25"]
[SourceVersion "1"]
[SourceVersionDate "2013.02.25"]
[SourceQuality "1"]

1. e4 c5 2. Nf3 d6 3. Bb5+ Nc6 4. 0-0 Bd7 5. Re1 Nf6 6. Nc3 e6 7. Bxc6 Bxc6 8. d4 cxd4 9. Qxd4 Be7 10. b3 0-0 11. Bb2 Qc7 12. Rad1 Rfd8 13. a4 a6 14. Qd3 e5 15. Na2 Qb6 16. Ba3 Bf8 17. Nd2 Qc7 18. Nb4 d5 19. Nxc6 Qxc6 20. Bxf8 Kxf8 21. c4 dxe4 22. Qc2 Rd4 23. Re2 Rad8 24. Rde1 Nd5 25. Rxe4 Nf4 26. Nf3 Qg6 27. g3 Rd3 28. Rxf4 exf4 29. Ne5 0-1

[Event "NED-ch U17"]
[Site "Haarlem"]
[Date "2012.05.04"]
[Round "7"]
[White "Van Overdam, Jan"]
[Black "Vos, Tjark"]
[Result "1/2-1/2"]
[WhiteElo "2041"]
[BlackElo "2012"]
[PlyCount "86"]
[EventDate "2012.04.28"]
[EventType "swiss"]
[EventRounds "9"]
[EventCountry "NED"]
[SourceTitle "EXT 2013"]
[Source "ChessBase"]
[SourceDate "2012.11.22"]
[SourceVersion "1"]
[SourceVersionDate "2012.11.22"]
[SourceQuality "1"]

1. e4 c6 2. d4 d5 3. exd5 cxd5 4. c4 Nf6 5. Nc3 Nc6 6. Nf3 Bg4 7. Be3 e6 8. h3 Bh5 9. c5 Be7 10. Be2 0-0 11. a3 Ne4 12. g4 Bg6 13. Bb5 Qa5 14. Bxc6 bxc6 15. Bd2 Nxc3 16. Bxc3 Qa6 17. Qe2 Bd3 18. Qe3 Be4 19. Rg1 Rab8 20. Ne5 Rb7 21. Qe2 Qa4 22. f3 Bg6 23. Nxg6 hxg6 24. g5 Rb3 25. h4 Rfb8 26. h5 gxh5 27. f4 Bd8 28. Qxh5 Rxc3 29. bxc3 Qc2 30. Qf3 Ba5 31. Kf1 Bxc3 32. Rg2 Rb1+ 33. Rxb1 Qxb1+ 34. Ke2 Qc2+ 35. Ke3 Qa4 36. Qe2 Bxd4+ 37. Kf3 Qxa3+ 38. Kg4 Qxc5 39. Qa6 Qc1 40. Qc8+ Kh7 41. g6+ Kxg6 42. Kf3+ Kh7 43. Rh2+ Kg6 1/2-1/2

[Event "NED-ch U17"]
[Site "Haarlem"]
[Date "2012.05.01"]
[Round "4"]
[White "Meng, Roger"]
[Black "Van Overdam, Jan"]
[Result "1/2-1/2"]
[WhiteElo "2333"]
[BlackElo "2041"]
[PlyCount "44"]
[EventDate "2012.04.28"]
[EventType "swiss"]
[EventRounds "9"]
[EventCountry "NED"]
[SourceTitle "EXT 2013"]
[Source "ChessBase"]
[SourceDate "2012.11.22"]
[SourceVersion "1"]
[SourceVersionDate "2012.11.22"]
[SourceQuality "1"]

1. d4 Nf6 2. Nf3 e6 3. c4 d5 4. Nc3 dxc4 5. e4 a6 6. a4 c5 7. d5 exd5 8. exd5 Bd6 9. Bxc4 0-0 10. 0-0 Bg4 11. Bg5 Re8 12. Qd3 Nbd7 13. b3 Qc7 14. h3 Bh5 15. Rae1 h6 16. Bc1 Bg6 17. Qd1 Ne5 18. Nh4 Bh7 19. Bb2 Ned7 20. Qf3 Ne5 21. Qd1 Ned7 22. Qf3 Ne5 1/2-1/2

[Event "Groningen op-A 48th"]
[Site "Groningen"]
[Date "2011.12.24"]
[Round "4"]
[White "Van Overdam, Jan"]
[Black "Galoyan, Levon"]
[Result "0-1"]
[WhiteElo "2069"]
[BlackElo "2231"]
[PlyCount "78"]
[EventDate "2011.12.21"]
[EventType "swiss"]
[EventRounds "9"]
[EventCountry "NED"]
[SourceTitle "CBM 146 Extra"]
[Source "ChessBase"]
[SourceDate "2012.02.29"]
[SourceVersion "1"]
[SourceVersionDate "2012.02.29"]
[SourceQuality "1"]

1. e4 c5 2. Nc3 Nc6 3. Bb5 Nd4 4. Bc4 e6 5. Nge2 Nf6 6. 0-0 a6 7. a4 d5 8. exd5 exd5 9. Ba2 Nxe2+ 10. Qxe2+ Be7 11. d3 h6 12. Re1 Be6 13. f4 g6 14. h3 Qd6 15. Qe5 0-0-0 16. a5 Qc7 17. Qxc7+ Kxc7 18. f5 gxf5 19. Ne2 Nh5 20. d4 Bd6 21. c3 c4 22. Rf1 Nf6 23. Nf4 Ne4 24. Nh5 Rdg8 25. Bb1 Ng3 26. Nxg3 Rxg3 27. Bf4 Bxf4 28. Rxf4 Rhg8 29. Rf2 f4 30. Kf1 Rxg2 31. Rxg2 Bxh3 32. Bf5 Bxg2+ 33. Kf2 Be4 34. Bxe4 dxe4 35. Rh1 f3 36. Ke3 f5 37. d5 Rg2 38. Kd4 f2 39. Rf1 Kd6 0-1

[Event "Groningen op-A 48th"]
[Site "Groningen"]
[Date "2011.12.21"]
[Round "1"]
[White "Van Overdam, Jan"]
[Black "Thakur, Akash"]
[Result "0-1"]
[WhiteElo "2069"]
[BlackElo "2324"]
[PlyCount "84"]
[EventDate "2011.12.21"]
[EventType "swiss"]
[EventRounds "9"]
[EventCountry "NED"]
[SourceTitle "CBM 146 Extra"]
[Source "ChessBase"]
[SourceDate "2012.02.29"]
[SourceVersion "1"]
[SourceVersionDate "2012.02.29"]
[SourceQuality "1"]

1. e4 e5 2. Nf3 Nc6 3. Bb5 a6 4. Bxc6 dxc6 5. 0-0 Bg4 6. h3 Bxf3 7. Qxf3 Qd7 8. d3 f6 9. Be3 h5 10. Rd1 0-0-0 11. Nc3 g5 12. d4 g4 13. Qg3 exd4 14. Bxd4 Qe6 15. Be3 Bd6 16. Bf4 Nh6 17. Qe3 Bxf4 18. Rxd8+ Rxd8 19. Qxf4 gxh3 20. g3 Ng4 21. f3 Ne5 22. Rd1 Rxd1+ 23. Nxd1 Qd6 24. Nf2 Qd4 25. Qxf6 b5 26. Qh8+ Kb7 27. Qxh5 Qxb2 28. f4 Qc1+ 29. Qd1 Nf3+ 30. Kh1 Qe3 31. Qf1 Nd2 32. Qg1 Nf3 33. Qf1 Nd2 34. Qg1 Nxe4 35. Nxe4 Qxe4+ 36. Kh2 Qxc2+ 37. Kxh3 Qxa2 38. g4 b4 39. g5 b3 40. g6 b2 41. g7 Qe6+ 42. Qg4 Qxg4+ 0-1

[Event "BEL-chT 1112"]
[Site "Belgium"]
[Date "2011.10.23"]
[Round "2.8"]
[White "Van Overdam, Jan"]
[Black "Verlinde, Tieme"]
[Result "1-0"]
[WhiteElo "2072"]
[BlackElo "2222"]
[PlyCount "57"]
[EventDate "2011.10.09"]
[EventType "team-tourn"]
[EventRounds "11"]
[EventCountry "BEL"]
[SourceTitle "EXT 2012"]
[Source "ChessBase"]
[SourceDate "2011.11.24"]
[SourceVersion "1"]
[SourceVersionDate "2011.11.24"]
[SourceQuality "1"]
[WhiteTeam "Anderlecht"]
[BlackTeam "Bruges"]
[WhiteTeamCountry "BEL"]
[BlackTeamCountry "BEL"]

1. e4 c5 2. Nc3 d6 3. f4 Nc6 4. Nf3 Bg4 5. Bb5 e6 6. Bxc6+ bxc6 7. d3 Rb8 8. 0-0 Nf6 9. h3 Bxf3 10. Qxf3 Be7 11. b3 0-0 12. Bb2 d5 13. e5 Nd7 14. Ne2 f6 15. exf6 Bxf6 16. Bxf6 Qxf6 17. Qe3 Rbe8 18. d4 Qg6 19. c3 Rf6 20. Rae1 cxd4 21. cxd4 c5 22. dxc5 e5 23. Qd2 Qf7 24. fxe5 Rxe5 25. c6 Nc5 26. Nc3 Rxf1+ 27. Rxf1 Qe6 28. Qf2 Qe7 29. c7 1-0

[Event "Vlissingen HZ op 15th"]
[Site "Vlissingen"]
[Date "2011.08.05"]
[Round "8"]
[White "Ten Hagen, Yorick"]
[Black "Van Overdam, Jan"]
[Result "1/2-1/2"]
[WhiteElo "2189"]
[BlackElo "2062"]
[PlyCount "44"]
[EventDate "2011.07.30"]
[EventType "swiss"]
[EventRounds "9"]
[EventCountry "NED"]
[SourceTitle "CBM 143 Extra"]
[Source "ChessBase"]
[SourceDate "2011.08.29"]
[SourceVersion "1"]
[SourceVersionDate "2011.08.29"]
[SourceQuality "1"]

1. d4 Nf6 2. Nf3 c5 3. d5 b5 4. e3 Bb7 5. c4 d6 6. b3 g6 7. Bb2 Bg7 8. Bd3 0-0 9. Nbd2 Nbd7 10. h4 h5 11. Ng5 Ne5 12. Be2 Nfg4 13. Bxe5 Nxe5 14. Bxh5 Nd3+ 15. Kf1 Bxa1 16. Qxa1 Qa5 17. Ke2 gxh5 18. Kxd3 Bc8 19. Rh3 Bxh3 20. gxh3 f6 21. Qg1 fxg5 22. Qxg5+ Kf7 1/2-1/2

[Event "Vlissingen HZ op 15th"]
[Site "Vlissingen"]
[Date "2011.07.31"]
[Round "2"]
[White "Van Overdam, Jan"]
[Black "Sveshnikov, Vladimir"]
[Result "0-1"]
[WhiteElo "2062"]
[BlackElo "2407"]
[PlyCount "160"]
[EventDate "2011.07.30"]
[EventType "swiss"]
[EventRounds "9"]
[EventCountry "NED"]
[SourceTitle "CBM 143 Extra"]
[Source "ChessBase"]
[SourceDate "2011.08.29"]
[SourceVersion "1"]
[SourceVersionDate "2011.08.29"]
[SourceQuality "1"]

1. e4 c5 2. Nc3 g6 3. f4 Bg7 4. Nf3 Nc6 5. Bb5 Nd4 6. 0-0 a6 7. Bc4 b5 8. Bd5 Rb8 9. d3 e6 10. Bb3 Ne7 11. Nxd4 cxd4 12. Ne2 0-0 13. Qe1 d5 14. e5 Qb6 15. g4 f6 16. exf6 Bxf6 17. Ng3 Bh4 18. Bd2 Bd7 19. Bb4 Rbe8 20. a4 Rf7 21. axb5 axb5 22. Bxe7 Bxe7 23. f5 Bg5 24. fxg6 Be3+ 25. Kg2 hxg6 26. Rxf7 Kxf7 27. Qb4 Kg7 28. Rf1 Bg5 29. Qe1 Be3 30. Qb4 Qc6 31. h3 e5 32. Rf3 Be6 33. Qa5 Qb7 34. Rf1 Bf4 35. Qb4 Qd7 36. Rxf4 exf4 37. Qxd4+ Kg8 38. Qxf4 Rf8 39. Qe3 Bf7 40. d4 b4 41. c3 bxc3 42. bxc3 Rb8 43. Bd1 Qc7 44. Bf3 Re8 45. Qd2 Qe7 46. Ne2 g5 47. Ng3 Qe3 48. Qxe3 Rxe3 49. Nf5 Rxc3 50. h4 gxh4 51. Nxh4 Kg7 52. Kg3 Rd3 53. Nf5+ Kf6 54. Kf4 Ke6 55. Be2 Rd2 56. Ke3 Ra2 57. Bf3 Bg6 58. Bxd5+ Kxd5 59. Ne7+ Kc4 60. Nxg6 Rg2 61. d5 Kc5 62. Kf3 Rg1 63. Nf4 Kd6 64. Nh3 Rd1 65. g5 Rxd5 66. Kg4 Ke5 67. Nf2 Rd4+ 68. Kf3 Kf5 69. Ke3 Rh4 70. Kf3 Kxg5 71. Ne4+ Kf5 72. Ng3+ Ke5 73. Ne2 Ra4 74. Ke3 Ra3+ 75. Kd2 Ke4 76. Nc3+ Kf4 77. Ne2+ Kf3 78. Nc3 Kf4 79. Kd3 Ke5 80. Kc4 Ra8 0-1

[Event "Leiden LCT op-A 5th"]
[Site "Leiden"]
[Date "2011.07.14"]
[Round "6"]
[White "Van Overdam, Jan"]
[Black "Van Wessel, Rudy"]
[Result "1/2-1/2"]
[WhiteElo "2062"]
[BlackElo "2371"]
[PlyCount "85"]
[EventDate "2011.07.08"]
[EventType "swiss"]
[EventRounds "9"]
[EventCountry "NED"]
[SourceTitle "CBM 143 Extra"]
[Source "ChessBase"]
[SourceDate "2011.08.29"]
[SourceVersion "1"]
[SourceVersionDate "2011.08.29"]
[SourceQuality "1"]

1. e4 c5 2. Nc3 Nc6 3. Bb5 e6 4. Bxc6 bxc6 5. d3 d5 6. f4 Ba6 7. Nf3 Nf6 8. e5 Nd7 9. 0-0 c4 10. d4 g6 11. g4 c5 12. f5 cxd4 13. Nxd4 Bc5 14. fxe6 fxe6 15. Na4 Bxd4+ 16. Qxd4 Qc7 17. Bg5 h6 18. Bf6 0-0 19. Rfe1 Rf7 20. Re3 Raf8 21. Rae1 Bc8 22. Rf1 Qc6 23. b3 Bb7 24. h4 Rxf6 25. Rxf6 Rxf6 26. exf6 e5 27. f7+ Kxf7 28. Rf3+ Kg8 29. Qf2 d4 30. Rh3 c3 31. g5 h5 32. Kf1 Qe4 33. Kg1 Qg4+ 34. Kh2 Bd5 35. Nxc3 dxc3 36. Rxc3 Nf8 37. Rc5 Bf3 38. Rxe5 Qf4+ 39. Qg3 Qd2+ 40. Kg1 Qd4+ 41. Kh2 Qd2+ 42. Kg1 Qd4+ 43. Kh2 1/2-1/2

[Event "NED-ch U17"]
[Site "Haarlem"]
[Date "2011.05.08"]
[Round "9"]
[White "Haver, Bas"]
[Black "Van Overdam, Jan"]
[Result "1/2-1/2"]
[WhiteElo "1958"]
[BlackElo "2073"]
[PlyCount "79"]
[EventDate "2011.04.30"]
[EventType "swiss"]
[EventRounds "9"]
[EventCountry "NED"]
[SourceTitle "EXT 2012"]
[Source "ChessBase"]
[SourceDate "2011.11.24"]
[SourceVersion "1"]
[SourceVersionDate "2011.11.24"]
[SourceQuality "1"]

1. e4 c5 2. Nf3 g6 3. d4 cxd4 4. Nxd4 Nc6 5. Nc3 Bg7 6. Be3 Nf6 7. Bc4 0-0 8. Bb3 a5 9. 0-0 d6 10. f3 Bd7 11. a4 Nxd4 12. Bxd4 Bc6 13. Kh1 Nd7 14. Bxg7 Kxg7 15. Bd5 Qb6 16. Ra3 Nc5 17. Bxc6 bxc6 18. Qd4+ f6 19. Ne2 Rab8 20. Rb1 Rfd8 21. Rc3 Qa6 22. Qc4 Qxc4 23. Rxc4 Kf7 24. b3 e5 25. Rd1 Ke6 26. Kg1 Rdc8 27. g4 Na6 28. f4 Rb4 29. f5+ Ke7 30. Rxb4 Nxb4 31. Rd2 Rd8 32. Kf2 d5 33. Ke3 gxf5 34. gxf5 d4+ 35. Kf3 c5 36. Nc1 Rg8 37. Nd3 Nxd3 38. cxd3 Rg1 39. Rg2 Re1 40. Kf2 1/2-1/2

[Event "NED-ch U17"]
[Site "Haarlem"]
[Date "2011.04.30"]
[Round "1"]
[White "Van Overdam, Jan"]
[Black "Mehra, Roger"]
[Result "0-1"]
[WhiteElo "2073"]
[BlackElo "1800"]
[PlyCount "84"]
[EventDate "2011.04.30"]
[EventType "swiss"]
[EventRounds "9"]
[EventCountry "NED"]
[SourceTitle "EXT 2012"]
[Source "ChessBase"]
[SourceDate "2011.11.24"]
[SourceVersion "1"]
[SourceVersionDate "2011.11.24"]
[SourceQuality "1"]

1. e4 c5 2. Nc3 a6 3. a4 Nc6 4. f4 g6 5. Nf3 Bg7 6. Bc4 e6 7. e5 d5 8. exd6 Qxd6 9. d3 b6 10. 0-0 Nge7 11. Ne4 Qc7 12. Qe2 0-0 13. c3 Bb7 14. Qf2 Na5 15. Qe2 Nd5 16. g3 Rfe8 17. Bd2 h6 18. Rae1 f5 19. Nf2 Qc6 20. Nd1 Qxa4 21. Bxd5 exd5 22. Ne5 d4 23. h4 Nb3 24. Kh2 Rad8 25. c4 b5 26. Qf2 Re6 27. h5 gxh5 28. Qe2 bxc4 29. dxc4 Nxd2 30. Qxd2 Rde8 31. Nf2 Bxe5 32. Rxe5 Qxc4 33. Rc1 Qb5 34. Rexc5 Qe2 35. Qxd4 Re4 36. Qd6 Qxf2+ 37. Kh3 R4e6 38. R5c2 Rxd6 39. Rxf2 Rc6 40. Rxc6 Bxc6 41. Kh4 Kg7 42. Rc2 Re1 0-1

[Event "Groningen op-A"]
[Site "Groningen"]
[Date "2010.12.27"]
[Round "6"]
[White "Van Overdam, Jan"]
[Black "Kerigan, Demre"]
[Result "0-1"]
[WhiteElo "2030"]
[BlackElo "2149"]
[PlyCount "80"]
[EventDate "2010.12.21"]
[EventType "swiss"]
[EventRounds "9"]
[EventCountry "NED"]
[SourceTitle "CBM 140 Extra"]
[Source "ChessBase"]
[SourceDate "2011.03.01"]
[SourceVersion "1"]
[SourceVersionDate "2011.03.01"]
[SourceQuality "1"]

1. e4 g6 2. d4 Bg7 3. Nf3 d6 4. Be3 Nf6 5. Bd3 0-0 6. 0-0 Nc6 7. h3 e5 8. c3 exd4 9. cxd4 Nb4 10. Nc3 Nxd3 11. Qxd3 Re8 12. Rae1 c6 13. Qd2 b5 14. b4 a5 15. a3 axb4 16. axb4 Qc7 17. Bf4 Nd7 18. Rc1 Qb8 19. Qd3 Nb6 20. d5 cxd5 21. exd5 Nc4 22. Nd4 Bd7 23. Ra1 Qb6 24. Be3 Rxa1 25. Rxa1 Nxe3 26. fxe3 Rxe3 27. Ra8+ Be8 28. Qxe3 Bxd4 29. Rxe8+ Kg7 30. Kf2 Bxe3+ 31. Rxe3 Qd4 32. Nxb5 Qxd5 33. Nc3 Qd2+ 34. Ne2 d5 35. Kf3 d4 36. Nxd4 Qxd4 37. Re4 Qd3+ 38. Re3 Qd5+ 39. Ke2 Qxg2+ 40. Kd3 f5 0-1

[Event "Groningen op-A"]
[Site "Groningen"]
[Date "2010.12.24"]
[Round "4"]
[White "Van Overdam, Jan"]
[Black "Hess, Christian"]
[Result "0-1"]
[WhiteElo "2030"]
[BlackElo "2256"]
[PlyCount "116"]
[EventDate "2010.12.21"]
[EventType "swiss"]
[EventRounds "9"]
[EventCountry "NED"]
[SourceTitle "CBM 140 Extra"]
[Source "ChessBase"]
[SourceDate "2011.03.01"]
[SourceVersion "1"]
[SourceVersionDate "2011.03.01"]
[SourceQuality "1"]

1. e4 c6 2. d4 d5 3. exd5 cxd5 4. Bd3 Nc6 5. c3 Nf6 6. Bf4 g6 7. Nf3 Bg7 8. 0-0 0-0 9. Nbd2 Bf5 10. Bxf5 gxf5 11. Ne5 e6 12. Nxc6 bxc6 13. f3 Nh5 14. Bg3 Nxg3 15. hxg3 Qb8 16. Nb3 Qxg3 17. f4 Bh6 18. Rf3 Qg4 19. Qd2 Kh8 20. Na5 Rac8 21. b4 Rg8 22. Qf2 Qh5 23. g3 Qh3 24. Qh2 Qxh2+ 25. Kxh2 Bf8 26. a4 Rc7 27. Kg2 Bd6 28. Re1 Kg7 29. Rfe3 h5 30. Rh1 Rh8 31. Kf3 Be7 32. Re2 Kg6 33. Nb3 Rcc8 34. a5 Rb8 35. Nc1 Bd6 36. Nd3 Rbe8 37. Kg2 Kf6 38. Rh4 Reg8 39. Re1 Rg4 40. Reh1 Rxh4 41. Rxh4 Ke7 42. Ne1 Kd7 43. Nf3 f6 44. Rh1 a6 45. Kh3 Rg8 46. Re1 Rg4 47. Nh2 Rg8 48. Re3 h4 49. Nf1 hxg3 50. Rxg3 Rxg3+ 51. Kxg3 e5 52. dxe5 fxe5 53. Nd2 exf4+ 54. Kf3 d4 55. cxd4 Bxb4 56. Nc4 Ke6 57. Ne5 Kd5 58. Nd7 Bd6 0-1

[Event "Vlissingen HZ op 14th"]
[Site "Vlissingen"]
[Date "2010.08.08"]
[Round "2"]
[White "Michalczak, Thomas"]
[Black "Van Overdam, Jan"]
[Result "1-0"]
[WhiteElo "2367"]
[BlackElo "2037"]
[PlyCount "89"]
[EventDate "2010.08.07"]
[EventType "swiss"]
[EventRounds "9"]
[EventCountry "NED"]
[SourceTitle "CBM 137 Extra"]
[Source "ChessBase"]
[SourceDate "2010.09.01"]
[SourceVersion "1"]
[SourceVersionDate "2010.09.01"]
[SourceQuality "1"]

1. e4 c5 2. c3 g6 3. d4 cxd4 4. cxd4 d5 5. e5 Nc6 6. Nc3 f6 7. f4 Be6 8. h3 Bg7 9. Nf3 Nh6 10. g4 0-0 11. Bg2 Qd7 12. 0-0 Rab8 13. Be3 Rfc8 14. Qd2 f5 15. Ng5 Rd8 16. Nxe6 Qxe6 17. g5 Nf7 18. Bf3 Rd7 19. Qg2 Rbd8 20. h4 Nh8 21. Rac1 b6 22. Rf2 Na5 23. b3 Qf7 24. Rfc2 e6 25. Be2 Rc7 26. Ba6 Bf8 27. Nb5 Rxc2 28. Rxc2 Nb7 29. Bc1 Rd7 30. Rc8 Nd8 31. Qc2 Kg7 32. Nc7 Bc5 33. Nb5 Bf8 34. Kg2 h5 35. Bd2 Be7 36. a4 Bf8 37. Nc7 Bc5 38. dxc5 Rxc7 39. Rxd8 Rxc5 40. Qxc5 bxc5 41. Bc8 Qe7 42. Rd7 Kf8 43. Rxe7 Kxe7 44. Ba5 Nf7 45. Kf3 1-0

[Event "NED-ch U15"]
[Site "Haarlem"]
[Date "2010.05.07"]
[Round "8"]
[White "Van Overdam, Jan"]
[Black "Cox, Jan"]
[Result "1/2-1/2"]
[WhiteElo "2037"]
[BlackElo "1857"]
[PlyCount "55"]
[EventDate "2010.04.29"]
[EventType "swiss"]
[EventRounds "9"]
[EventCountry "NED"]
[SourceTitle "EXT 2011"]
[Source "ChessBase"]
[SourceDate "2010.11.26"]
[SourceVersion "1"]
[SourceVersionDate "2010.11.26"]
[SourceQuality "1"]

1. e4 e5 2. Nc3 Nf6 3. Bc4 Nxe4 4. Qh5 Nd6 5. Qxe5+ Qe7 6. Qxe7+ Bxe7 7. Bb3 0-0 8. Nf3 Nc6 9. 0-0 Nf5 10. d3 Nfd4 11. Nxd4 Nxd4 12. Re1 Bb4 13. Bf4 d6 14. f3 Be6 15. Rac1 Rfe8 16. Be3 Bxb3 17. axb3 Rxe3 18. Rxe3 Bc5 19. Kf2 Nf5 20. Nd5 Re8 21. Rce1 c6 22. g4 Nxe3 23. Nxe3 g5 24. c3 Rxe3 25. Rxe3 Bxe3+ 26. Kxe3 Kg7 27. h3 Kf6 28. f4 1/2-1/2

[Event "NED-ch U15"]
[Site "Haarlem"]
[Date "2010.05.01"]
[Round "3"]
[White "Van Overdam, Jan"]
[Black "Vos, Tjark"]
[Result "1/2-1/2"]
[WhiteElo "2037"]
[BlackElo "1754"]
[PlyCount "83"]
[EventDate "2010.04.29"]
[EventType "swiss"]
[EventRounds "9"]
[EventCountry "NED"]
[SourceTitle "EXT 2011"]
[Source "ChessBase"]
[SourceDate "2010.11.26"]
[SourceVersion "1"]
[SourceVersionDate "2010.11.26"]
[SourceQuality "1"]

1. e4 e5 2. Nf3 d6 3. c3 Nf6 4. d3 Be7 5. h3 0-0 6. Qc2 Re8 7. Be2 c6 8. 0-0 h6 9. d4 Qc7 10. Be3 b6 11. Nbd2 Nbd7 12. Rad1 Nf8 13. Ne1 c5 14. d5 Ng6 15. Nd3 Nh7 16. f4 exf4 17. Nxf4 Bg5 18. Bb5 Bd7 19. Bxd7 Qxd7 20. Rde1 Nxf4 21. Bxf4 Bxf4 22. Rxf4 Nf6 23. c4 Qe7 24. Rf5 a6 25. b3 Ra7 26. Qc3 Nd7 27. Qg3 Kh7 28. Ref1 f6 29. R5f2 Qe5 30. Qg4 Qg5 31. Qxg5 hxg5 32. Re2 Ne5 33. Nf3 Rae7 34. Nd2 Nd3 35. Re3 Nb4 36. a3 Nc2 37. Rc3 Nd4 38. Kh2 Kg6 39. Rd3 Rb7 40. Kg3 b5 41. b4 Rd7 42. Re1 1/2-1/2

[Event "NED-ch U15"]
[Site "Venlo"]
[Date "2009.04.30"]
[Round "7"]
[White "Van Overdam, Jan"]
[Black "Van Overdam, Julian"]
[Result "0-1"]
[WhiteElo "1919"]
[BlackElo "2073"]
[PlyCount "46"]
[EventDate "2009.04.24"]
[EventType "swiss"]
[EventRounds "9"]
[EventCountry "NED"]
[SourceTitle "EXT 2013"]
[Source "ChessBase"]
[SourceDate "2012.11.22"]
[SourceVersion "1"]
[SourceVersionDate "2012.11.22"]
[SourceQuality "1"]

1. e4 e6 2. g3 d5 3. exd5 exd5 4. Bg2 Nf6 5. Ne2 Bg4 6. 0-0 Qd7 7. d4 Nc6 8. c3 0-0-0 9. f3 Bf5 10. Nf4 h5 11. Nd3 Bd6 12. Nc5 Bxc5 13. dxc5 d4 14. Qa4 h4 15. g4 h3 16. gxf5 hxg2 17. Rf2 Qxf5 18. Qc2 Qe5 19. f4 Qe1+ 20. Kxg2 d3 21. Qd2 Rxh2+ 22. Kxh2 Rh8+ 23. Kg3 Ne4+ 0-1

[Event "NED-ch U15"]
[Site "Venlo"]
[Date "2009.04.25"]
[Round "2"]
[White "Van Overdam, Jan"]
[Black "Yue, Tim"]
[Result "1-0"]
[WhiteElo "1919"]
[BlackElo "1506"]
[PlyCount "79"]
[EventDate "2009.04.24"]
[EventType "swiss"]
[EventRounds "9"]
[EventCountry "NED"]
[SourceTitle "EXT 2013"]
[Source "ChessBase"]
[SourceDate "2012.11.22"]
[SourceVersion "1"]
[SourceVersionDate "2012.11.22"]
[SourceQuality "1"]

1. e4 c5 2. Nc3 d6 3. f4 Nc6 4. Nf3 e6 5. Bb5 Bd7 6. 0-0 a6 7. Bxc6 Bxc6 8. d3 Ne7 9. Qe1 g6 10. Qh4 Bg7 11. Bd2 Bd7 12. Rae1 Nc6 13. Qf2 0-0 14. h3 b5 15. Kh1 b4 16. Nd1 Qa5 17. a3 Qa4 18. axb4 Nxb4 19. b3 Qa2 20. Bxb4 cxb4 21. Ne3 Bb5 22. Qh4 a5 23. f5 exf5 24. exf5 Rae8 25. f6 Bh8 26. Ng5 h5 27. Ng4 Bg7 28. fxg7 Kxg7 29. Rxe8 Bxe8 30. Nf6 Bc6 31. Nxh5+ gxh5 32. Qxh5 Bxg2+ 33. Kxg2 Qxc2+ 34. Rf2 Qxd3 35. Ne6+ fxe6 36. Qg4+ Qg6 37. Qxg6+ Kxg6 38. Rxf8 d5 39. Kf3 e5 40. Ra8 1-0